000 00262nam a2200109Ia 4500
008 220216s9999 xx 000 0 und d
100 _aMenon P M
245 0 _aWorld bank assisted project
260 _bPlanters Chronicle
_c1995
300 _a195-202
942 _cJS
999 _c72484
_d72484